| 000 | 00432nam a22001457a 4500 | ||
|---|---|---|---|
| 999 |
_c7800 _d7798 |
||
| 005 | 20210327131951.0 | ||
| 008 | 210327b ||||| |||| 00| 0 eng d | ||
| 082 | _a346.066 | ||
| 100 |
_aAIYAR, A.N. _96466 |
||
| 245 | _aREPORTS OF COMPANY CASES INCLUDING CASES ON BANKING AND INSURENCE [VOL--102] | ||
| 260 |
_aCHENNAI _bCOMPANY LAW INSTITUTE OF INDIA PVT.LTD. _c2000 |
||
| 300 | _a528, i-xx;p | ||
| 650 |
_aLAW _95701 |
||
| 942 | _cJRL | ||